000 005440000a22001810004500
003 MACL
005 20160218145847.0
008 160218b xxu||||| |||| 00| 0 eng d
040 _aMACL
_cMACL
041 _aHindi
082 _a398
100 _aशुक्‍ल हीरालाल
_938887
245 _aरेलोया रे रेलोया
260 _bहिन्‍दी साहित्‍य संस्‍थान
_c1982
_aभोपाल
350 _a45
650 _aFolklore
_938888
942 _cHIN
_k398
_2ddc
999 _c29392
_d29392